| 000 | 00606nam a2200205Ia 4500 | ||
|---|---|---|---|
| 003 | OSt | ||
| 005 | 20220817095936.0 | ||
| 008 | 220817b |||||||| |||| 00| 0 eng d | ||
| 020 | _a0 13 122848 X | ||
| 040 | _cIFM Libary | ||
| 082 | _a658.4038011 | ||
| 100 |
_aMarakas, George M _97565 |
||
| 245 | _aDecision Support Systems in the 21st Century | ||
| 250 | _a2nd ed. | ||
| 260 |
_aNew Jersey: _bPrentice Hall, _c2003 |
||
| 300 |
_axxiii, 611p.: _b ill.; 24cm. |
||
| 500 | _aIncludes References and Index | ||
| 650 |
_aDecision support system Database managementData mining _97566 |
||
| 942 |
_cBK _2ddc _n0 |
||
| 999 |
_c2327 _d2327 |
||